7 Most Famous Cities in Equatorial Guinea on a Map - Statistics

General Stats
  • This quiz has been taken 91 times
  • The average score is 3 of 7
Answers on the Map
Answers color-coded by a green-red scale on the quiz's map according to % correct below.
 
Answer Stats
Wiki Monthly Views Cityquiz Mention Rate Population Answers % Correct
27.76K 19.72% 257.00K Malabo
100%
9.12K 4.77% 290.00K Bata
70%
9.07K - 2.00K Ciudad de la Paz
36%
0.82K 0.68% 9.01K Luba
21%
1.13K 0.14% 5.79K Mongomo
21%
1.76K 0.23% 5.01K San Antonio de Palé
19%
0.86K 0.21% 32.00K Ebibeyin
11%
No matching quizzes found
Score Distribution
Percent of People with Each Score
Percentile by Number Answered
Your Score History
You have not taken this quiz